|
|
|
|
| LEADER |
00000nam0a2200000 4500 |
| 001 |
139044 |
| 005 |
20231031141626.0 |
| 035 |
|
|
|a (RuTPU)RU\TPU\book\150648
|
| 090 |
|
|
|a 139044
|
| 100 |
|
|
|a 20080602d1968 k y0rusy50 ca
|
| 101 |
0 |
|
|a rus
|
| 102 |
|
|
|a RU
|
| 105 |
|
|
|a a z 001zy
|
| 200 |
1 |
|
|a Физическая химия позитрона и позитрония
|f В. И. Гольданский
|
| 210 |
|
|
|a Москва
|c Наука
|d 1968
|
| 215 |
|
|
|a 174 с.
|c ил.
|
| 320 |
|
|
|a Библиогр.: с. 164-173.
|
| 610 |
1 |
|
|a физическая химия
|
| 610 |
1 |
|
|a позитроны
|
| 610 |
1 |
|
|a позитроний
|
| 610 |
1 |
|
|a аннигиляция
|
| 675 |
|
|
|a 539.124.6
|v 3
|
| 700 |
|
1 |
|a Гольданский
|b В. И.
|g Виталий Иосифович
|
| 712 |
0 |
2 |
|a Академия наук СССР (АН СССР)
|b Институт химической физики им. Н. Н. Семенова (ИХФ)
|c (Москва)
|2 stltpush
|3 (RuTPU)RU\TPU\col\1482
|
| 801 |
|
1 |
|a RU
|b 63413507
|c 20080602
|g PSBO
|
| 801 |
|
2 |
|a RU
|b 63413507
|c 20140408
|g PSBO
|
| 942 |
|
|
|c BK
|